| 000 | 00797cam a2200205 4500 | ||
|---|---|---|---|
| 001 | WB3627-02 | ||
| 008 | 000000n2000 000 0 eng u | ||
| 035 | _a(Sirsi) u107125 | ||
| 245 | _aCulture Secretary announces halving of lottery cash spent on buildings | ||
| 260 | _c2000 | ||
| 490 |
_aDCMS News Release _v(169/2000) 4 July 2000, (4) |
||
| 520 | _aGives details of government reforms that have led to major changes in the way lottery money is distributed. In 1995/96, 97% of the total money was spent on capital projects but by March 2000 this proportion had dropped to 42%. | ||
| 590 | _aWB | ||
| 650 | _aLOTTERY FUNDING | ||
| 650 | _aLOTTERY GRANTS | ||
| 650 | _aCAPITAL PROJECTS | ||
| 650 | _aBUILDING PROJECTS | ||
| 690 | _aBUILT ENVIRONMENT-CONSTRUCTION MARKET | ||
| 942 | _n0 | ||
| 999 |
_c64054 _d64054 |
||